| 000 | 00412cam a2200157ua 4500 | ||
|---|---|---|---|
| 041 |
_aeng _h |
||
| 082 |
_a352.0072 _bABE/TO |
||
| 100 | _aAbercromble, Patrick . | ||
| 245 |
_aTown and country planning / _cSir Patrick Abercromble. _hTextual Documents |
||
| 250 |
_a3 / _b. |
||
| 260 |
_aLondon : _bOxford University Press , _c1961. |
||
| 300 | _a290 ; . | ||
| 504 | _a | ||
| 942 | _cBK | ||
| 999 |
_c11426 _d11426 |
||